Fundamentals of tool engineering design / (Record no. 7568)
[ view plain ]
| 000 -LEADER | |
|---|---|
| fixed length control field | 00482cam a2200181ua 4500 |
| 003 - CONTROL NUMBER IDENTIFIER | |
| control field | OSt |
| 008 - FIXED-LENGTH DATA ELEMENTS--GENERAL INFORMATION | |
| fixed length control field | 250325b |||||||| |||| 00| 0 eng d |
| 020 ## - INTERNATIONAL STANDARD BOOK NUMBER | |
| ISBN | 81-204-0056-X |
| 041 ## - LANGUAGE CODE | |
| Language code of text/sound track or separate title | eng |
| 082 ## - DEWEY DECIMAL CLASSIFICATION NUMBER | |
| Classification number | 621.902 |
| Item number | BAS/FU |
| 100 ## - MAIN ENTRY--AUTHOR NAME | |
| Personal name | Basu, S.K. |
| 245 ## - TITLE STATEMENT | |
| Title | Fundamentals of tool engineering design / |
| 260 ## - PUBLICATION, DISTRIBUTION, ETC. (IMPRINT) | |
| Place of publication | New Delhi : |
| Name of publisher | Oxford & IBH Publishing company , |
| Year of publication | 1987. |
| 300 ## - PHYSICAL DESCRIPTION | |
| Number of Pages | 261 ; . |
| 700 1# - ADDED ENTRY--PERSONAL NAME | |
| Personal name | Mishra, R. |
| 700 1# - ADDED ENTRY--PERSONAL NAME | |
| Personal name | Mukherjee, S.N. |
| 942 ## - ADDED ENTRY ELEMENTS (KOHA) | |
| Koha item type | Books |
| Withdrawn status | Lost status | Damaged status | Home library | Current library | Date acquired | Full call number | Accession Number | Koha item type |
|---|---|---|---|---|---|---|---|---|
| KAUAET | KAUAET | 07/04/2012 | 621.902 BAS/FU | 16773 | Books |
